| 000 | 01190cam a22003377a 4500 | ||
|---|---|---|---|
| 003 | CHAP | ||
| 005 | 20220329142649.0 | ||
| 008 | 020826d2002 mx ad r 00110 spa d | ||
| 010 | _a86163 | ||
| 011 | _a87135 | ||
| 035 | _a97676 | ||
| 040 | _cCHAP | ||
| 090 | _aTesis | ||
| 100 | 0 | 0 |
_aMiguel Cruz, Horacio. _975612 |
| 245 | 1 | 0 |
_aCriterios de selección de equipo de bombeo usando la curva del sistema en plantas de bombeo _c/por Horacio Miguel Cruz |
| 260 |
_aChapingo, Méx. : _bEl autor, _c2002 |
||
| 300 |
_a158 h. : _bilus. ; gráfs. ; cuadros |
||
| 502 | _aTesis (Ing. en Irrigación) -- UACH. Departamento de Irrigación | ||
| 590 |
_aALEPH _b10 _c20130110 _lUCH01 _h1448 |
||
| 590 |
_aBATCH-UPD _b10 _c20130110 _lUCH01 _h1441 |
||
| 590 |
_aBATCH-UPD _b10 _c20130410 _lUCH01 _h0912 |
||
| 590 |
_aBATCH-UPD _b10 _c20130914 _lUCH01 _h0655 |
||
| 590 |
_aCONVERSION _b10 _c20130109 _lUCH01 _h1348 |
||
| 650 | 1 | 4 |
_aBombas mecánicas. _913622 |
| 650 | 1 | 4 |
_aBombeo. _913625 |
| 901 | _aBK | ||
| 905 | _aMarco A. Mendoza T. | ||
| 942 | _cFOLL | ||
| 949 |
_aTesis _bBC _cTES _d33724000870242 _eTS2 _gDonaciØn _h39866 _i97676 _si |
||
| 949 |
_aTesis _bBC _cTES _d976761 _eTS1 _gDonaciØn _h39865 _i97676 _sb |
||
| 999 |
_c86163 _d86163 |
||